<?xml version="1.0" encoding="UTF-8"?>
<record
    xmlns:xsi="http://www.w3.org/2001/XMLSchema-instance"
    xsi:schemaLocation="http://www.loc.gov/MARC21/slim http://www.loc.gov/standards/marcxml/schema/MARC21slim.xsd"
    xmlns="http://www.loc.gov/MARC21/slim">

  <leader>01565nam2a2200277   4500</leader>
  <controlfield tag="001">RU\NLR\bibl\1194279</controlfield>
  <controlfield tag="005">20260412063535.0</controlfield>
  <datafield tag="010" ind1=" " ind2=" ">
    <subfield code="a">978-5-275-01532-4</subfield>
    <subfield code="b">&#x442;. 3</subfield>
  </datafield>
  <datafield tag="021" ind1=" " ind2=" ">
    <subfield code="a">RU</subfield>
    <subfield code="b">2008-569</subfield>
    <subfield code="9">30</subfield>
  </datafield>
  <datafield tag="035" ind1=" " ind2=" ">
    <subfield code="a">(NLR Aleph) 001180809</subfield>
  </datafield>
  <datafield tag="090" ind1=" " ind2=" ">
    <subfield code="a">1656150</subfield>
    <subfield code="c">1656150</subfield>
  </datafield>
  <datafield tag="100" ind1=" " ind2=" ">
    <subfield code="a">20080228d2007    |||y0rusy50      ca</subfield>
  </datafield>
  <datafield tag="101" ind1="0" ind2=" ">
    <subfield code="a">rus</subfield>
  </datafield>
  <datafield tag="102" ind1=" " ind2=" ">
    <subfield code="a">RU</subfield>
  </datafield>
  <datafield tag="105" ind1=" " ind2=" ">
    <subfield code="a">a   |||||||||</subfield>
  </datafield>
  <datafield tag="200" ind1="1" ind2=" ">
    <subfield code="a">&#x41D;&#x430;&#x437;&#x438;&#x434;&#x430;&#x442;&#x435;&#x43B;&#x44C;&#x43D;&#x44B;&#x435; &#x43D;&#x43E;&#x432;&#x435;&#x43B;&#x43B;&#x44B;</subfield>
    <subfield code="f">[&#x43F;&#x435;&#x440;. &#x441; &#x438;&#x441;&#x43F;. &#x411;. &#x41A;&#x440;&#x436;&#x435;&#x432;&#x441;&#x43A;&#x43E;&#x433;&#x43E;</subfield>
    <subfield code="g">&#x441;&#x442;&#x438;&#x445;&#x438; &#x432; &#x43F;&#x435;&#x440;. &#x41C;. &#x41B;&#x43E;&#x437;&#x438;&#x43D;&#x441;&#x43A;&#x43E;&#x433;&#x43E;</subfield>
    <subfield code="g">&#x43A;&#x43E;&#x43C;&#x43C;&#x435;&#x43D;&#x442;. &#x411;. &#x41A;&#x440;&#x436;&#x435;&#x432;&#x441;&#x43A;&#x43E;&#x433;&#x43E;]</subfield>
  </datafield>
  <datafield tag="215" ind1=" " ind2=" ">
    <subfield code="a">569, [2] &#x441;.</subfield>
    <subfield code="c">&#x438;&#x43B;.</subfield>
  </datafield>
  <datafield tag="327" ind1="1" ind2=" ">
    <subfield code="a">&#x421;&#x43E;&#x434;&#x435;&#x440;&#x436;.: &#x426;&#x44B;&#x433;&#x430;&#x43D;&#x43E;&#x447;&#x43A;&#x430;; &#x412;&#x435;&#x43B;&#x438;&#x43A;&#x43E;&#x434;&#x443;&#x448;&#x43D;&#x44B;&#x439; &#x43F;&#x43E;&#x43A;&#x43B;&#x43E;&#x43D;&#x43D;&#x438;&#x43A;; &#x420;&#x438;&#x43D;&#x43A;&#x43E;&#x43D;&#x435;&#x442;&#x435; &#x438; &#x41A;&#x43E;&#x440;&#x442;&#x430;&#x434;&#x438;&#x43B;&#x44C;&#x43E;; &#x410;&#x43D;&#x433;&#x43B;&#x438;&#x439;&#x441;&#x43A;&#x430;&#x44F; &#x438;&#x441;&#x43F;&#x430;&#x43D;&#x43A;&#x430;; &#x41B;&#x438;&#x446;&#x435;&#x43D;&#x446;&#x438;&#x430;&#x442; &#x412;&#x438;&#x434;&#x440;&#x438;&#x435;&#x440;&#x430;; &#x421;&#x438;&#x43B;&#x430; &#x43A;&#x440;&#x43E;&#x432;&#x438;; &#x420;&#x435;&#x432;&#x43D;&#x438;&#x432;&#x44B;&#x439; &#x44D;&#x441;&#x442;&#x440;&#x435;&#x43C;&#x430;&#x434;&#x443;&#x440;&#x435;&#x446;; &#x412;&#x44B;&#x441;&#x43E;&#x43A;&#x43E;&#x440;&#x43E;&#x434;&#x43D;&#x430;&#x44F; &#x441;&#x443;&#x434;&#x43E;&#x43C;&#x43E;&#x439;&#x43A;&#x430;; &#x414;&#x432;&#x435; &#x434;&#x435;&#x432;&#x438;&#x446;&#x44B;; &#x421;&#x435;&#x43D;&#x44C;&#x43E;&#x440;&#x430; &#x41A;&#x43E;&#x440;&#x43D;&#x435;&#x43B;&#x438;&#x44F;</subfield>
  </datafield>
  <datafield tag="461" ind1=" " ind2="0">
    <subfield code="1">001RU\NLR\bibl\1227635</subfield>
    <subfield code="1">2001#$a&#x421;&#x43E;&#x431;&#x440;&#x430;&#x43D;&#x438;&#x435; &#x441;&#x43E;&#x447;&#x438;&#x43D;&#x435;&#x43D;&#x438;&#x439;$v&#x422;. 3</subfield>
    <subfield code="9">95751</subfield>
    <subfield code="a">&#x421;&#x435;&#x440;&#x432;&#x430;&#x43D;&#x442;&#x435;&#x441; &#x421;&#x430;&#x430;&#x432;&#x435;&#x434;&#x440;&#x430;, &#x41C;. &#x434;&#x435; (1547-1616)</subfield>
    <subfield code="c">&#x41C;&#x43E;&#x441;&#x43A;&#x432;&#x430;</subfield>
    <subfield code="d">2007</subfield>
    <subfield code="f">&#x41C;&#x438;&#x433;&#x435;&#x43B;&#x44C; &#x434;&#x435; &#x421;&#x435;&#x440;&#x432;&#x430;&#x43D;&#x442;&#x435;&#x441;</subfield>
    <subfield code="n">&#x422;&#x435;&#x440;&#x440;&#x430;</subfield>
    <subfield code="o">&#x432; 5 &#x442;.</subfield>
    <subfield code="t">&#x421;&#x43E;&#x431;&#x440;&#x430;&#x43D;&#x438;&#x435; &#x441;&#x43E;&#x447;&#x438;&#x43D;&#x435;&#x43D;&#x438;&#x439;</subfield>
    <subfield code="y">878-5-275-01535-5</subfield>
    <subfield code="v">&#x422;. 3</subfield>
  </datafield>
  <datafield tag="702" ind1=" " ind2="1">
    <subfield code="4">730</subfield>
    <subfield code="7">ca</subfield>
    <subfield code="8">rus</subfield>
    <subfield code="a">&#x41B;&#x43E;&#x437;&#x438;&#x43D;&#x441;&#x43A;&#x438;&#x439;</subfield>
    <subfield code="b">&#x41C;. &#x41B;.</subfield>
    <subfield code="f">1886-1955</subfield>
    <subfield code="g">&#x41C;&#x438;&#x445;&#x430;&#x438;&#x43B; &#x41B;&#x435;&#x43E;&#x43D;&#x438;&#x434;&#x43E;&#x432;&#x438;&#x447;</subfield>
    <subfield code="3">RU\NLR\AUTH\7766138</subfield>
    <subfield code="9">49067</subfield>
  </datafield>
  <datafield tag="801" ind1=" " ind2="0">
    <subfield code="a">RU</subfield>
    <subfield code="b">NLR</subfield>
    <subfield code="c">20080228</subfield>
    <subfield code="g">RCR</subfield>
  </datafield>
  <datafield tag="801" ind1=" " ind2="1">
    <subfield code="a">RU</subfield>
    <subfield code="b">NLR</subfield>
    <subfield code="c">20080228</subfield>
  </datafield>
  <datafield tag="942" ind1=" " ind2=" ">
    <subfield code="c">BOOK</subfield>
  </datafield>
  <datafield tag="980" ind1=" " ind2=" ">
    <subfield code="a">NB</subfield>
  </datafield>
  <datafield tag="995" ind1=" " ind2=" ">
    <subfield code="5">2008-02-28</subfield>
    <subfield code="a">ad</subfield>
    <subfield code="b">NLR01</subfield>
    <subfield code="c">NLR01</subfield>
    <subfield code="e">RF9</subfield>
    <subfield code="f">2617355</subfield>
    <subfield code="k">2008-3/5793</subfield>
    <subfield code="o">0</subfield>
    <subfield code="r">BOOK</subfield>
    <subfield code="s">200835793_</subfield>
  </datafield>
  <datafield tag="995" ind1=" " ind2=" ">
    <subfield code="5">2008-02-28</subfield>
    <subfield code="a">ad</subfield>
    <subfield code="b">NLR01</subfield>
    <subfield code="c">NLR01</subfield>
    <subfield code="e">RF9</subfield>
    <subfield code="f">2617357</subfield>
    <subfield code="k">2008-3/5793</subfield>
    <subfield code="o">0</subfield>
    <subfield code="r">BOOK</subfield>
    <subfield code="s">200835793_</subfield>
  </datafield>
</record>
